Hacia la república del trabajo : el mutualismo artesanal del siglo XIX /

Estudio historiográfico que trata sobre los inicios del movimiento obrero, en que se destaca las diferentes formas de organización laboral para enfrentar los nuevos retos liberales implementados en la Ciudad de México durante los años 1853 a la década de los ochentas del siglo XIX.

Guardado en:
Detalles Bibliográficos
Autor principal: Illades, Carlos (autor)
Formato: Libro
Idioma:Español
Publicado: México : Barcelona, España : Universidad Autónoma Metropolitana Iztapalapa, Gedisa, 2016, c2016
Edición:2a edición
Colección:(Cla-De-Ma. Historia)
Temas:
Etiquetas: Agrega una etiqueta
Sin etiquetas, Sé el primero en etiquetar este registro!

MARC

LEADER 00000nam^a2200000^a^4500
001 000399231
005 20250521000000.0
009 20260310121547.806
020 |a 978-84-16572-58-8 
020 |a 978-607-28-0759-4 
037 |a Acervo ITESO - Biblioteca 
041 |a ESP 
082 |a 972. 045  |b ILL 
100 |a Illades, Carlos  |e (autor) 
240 1 1 |a [Hacia la república del trabajo] 
245 1 0 |a Hacia la república del trabajo :  |b el mutualismo artesanal del siglo XIX /  |c C. Illades. 
250 |a 2a edición  |b revisada y aumentada 
264 4 |a México :  |b Universidad Autónoma Metropolitana Iztapalapa,  |a Barcelona, España :  |b Gedisa,  |c 2016, c2016 
300 |a 348 p. 
336 |a texto  |b txt  |2 rdacontenido 
337 |a sin mediación  |b n  |2 rdamedio 
338 |a volumen  |b nc  |2 rdasoporte 
440 1 |a (Cla-De-Ma.  |p Historia) 
520 |a Estudio historiográfico que trata sobre los inicios del movimiento obrero, en que se destaca las diferentes formas de organización laboral para enfrentar los nuevos retos liberales implementados en la Ciudad de México durante los años 1853 a la década de los ochentas del siglo XIX. 
521 |a FIL 2017 EEnlace Departamento de Filosofía y Humanidades 
649 |a XX 
650 |a Obreros -  |z México (Ciudad) -  |x Historia -  |y Siglo XIX 
650 |a Gremios y Oficios -  |z México (Ciudad) -  |x Historia -  |y Siglo XIX 
650 |a Trabajo -  |z México (Ciudad) -  |x Historia -  |y Siglo XIX -  |x Tema Principal 
650 |a Cooperativas -  |z México (Ciudad) -  |x Historia -  |y Siglo XIX 
650 |a Movimientos Obreros -  |z México -  |x Historia -  |y Siglo XIX -  |x Tema Principal 
650 |a Sindicalismo -  |z México (Ciudad) -  |x Historia -  |y Siglo XIX -  |x Tema Principal 
650 |a Huelgas y Paros -  |z México (Ciudad) -  |x Historia -  |y Siglo XIX 
650 |a Economía -  |z México (Ciudad) -  |x Historia -  |y Siglo XIX 
650 |a Política -  |z México (Ciudad) -  |x Historia -  |y Siglo XIX 
650 |a México (Ciudad) -  |x Historia -  |y Siglo XIX 
910 |a Fondo General 
920 |a Impresos - Libros 
930 |a Colección General 
905 |a 101 
901 |a 0500294504  |b IT1  |c ACC  |i c157620  |u 20250521 
902 |a https://opac.biblio.iteso.mx/vufind/Record/000399231